|
|
|
|
| LEADER |
00000nam a22000007a 4500 |
| 005 |
20190920134137.0 |
| 007 |
cr|||| |||| |
| 008 |
190920s2018 br |||||s|||| 00||0 por d |
| 020 |
|
|
|a 978-85-361-9896-5
|
| 035 |
|
|
|a 30308
|
| 040 |
|
|
|a vLex
|
| 090 |
|
|
|c 9623
|d 9623
|
| 100 |
1 |
|
|a Carvalho Fraga, Ricardo
|
| 245 |
1 |
0 |
|a Reforma trabalhista
|h [Recurso electrn̤ico] :
|b Primeiro ano /
|c Ricardo Carvalho Fraga
|
| 256 |
|
|
|a Servicio en ln̕ea
|
| 260 |
|
|
|a San Pablo:
|b LTR,
|c 2018
|
| 300 |
|
|
|a 1 recurso electrn̤ico
|
| 500 |
|
|
|a Esta obra agrega o desafio e a coragem de se debruȧr sobre as mudanȧs apresentadas pela Lei n. 13.467/2017. O mundo do trabalho, o direito do trabalho e o processo do trabalho nô sô mais como os conhecemos e precisamos estar prontos para encarar os impactos vindouros. Convidamos a todos a conhecerem as reflexe̳s iniciais de grandes estudiosos sobre os temas que nos inquietam e provocam.
|
| 506 |
1 |
|
|a Disponible solo en los productos indicados
|d vLex Global
|d vLex Global (Academic Edition, excluding Law Schools)
|d vLex Global (U.S. Academic Edition, Law Schools)
|d vLex Global (U.S. Academic Edition, excluding Law Schools)
|d vLex Global (Academic Edition, Law Schools)
|
| 650 |
0 |
4 |
|a Derecho Laboral y Seguridad Social
|z Brasil
|
| 740 |
0 |
|
|a vLex Libros (Servicio en ln̕ea)
|
| 856 |
4 |
0 |
|u http://vlex.com/source/reforma-trabalhista-primeiro-ano-30308
|z Acceso restringido
|
| 942 |
|
|
|c BOOK
|
| 999 |
0 |
|
|a Labor law and social security
|